vufinder Bibliothèque Municipale de Charleval de Provence
Se connecter

Menuiserie et le travail du bois (La)

je découpe, j'entretiens, je répare, je construis

Book Cover
Auteur principal: Robert Longechal
Support: Livres
Langue: Francais
Publié: 2013 Dunod Paris
Genre: Documentaire
Collection: La maison du sol au plafond
Sujets:
Étiquettes: Ajouter
Pas de Tags !

LEADER 00857nam0a2200205 450
001 16848325
010 |a 978-2-10-059435-1  |b br.  |d 15 € 
100 |a 20130423d2013 u u0frey01 ba 
101 0 |a fre 
102 |a FR 
200 0 |a Menuiserie et le travail du bois (La)  |e je découpe, j'entretiens, je répare, je construis  |f Robert Longechal 
207 1 |a   
210 |a Paris  |c Dunod  |d 2013 
215 |a 191 p.  |c illustrations en couleur  |d 22 x 19 cm 
225 1 |a La maison du sol au plafond 
330 |a Un guide pratique pour apprendre à réparer des volets en bois, à construire une bibliothèque, à réparer une porte, à fabriquer des étagères, etc. 
700 0 |a Longechal  |b Robert  |4 70 
900 |a Documentaire 
901 |a Accessible au prêt 
995 |a Bibliothèque  |c Bibliothèque  |f 00156005907167  |h 00156005907167  |k 674 LON  |o p  |q a  |r az  |e Bibliothèque 

Options de recherche

Historique de recherche
Recherche avancée

Trouver plus

Nouveautés

Besoin d'aide ?

Contacter un bibliothécaire